000 00549nam a2200193Ia 4500
005 20250326140238.0
008 250326s9999 xx 000 0 und d
020 _a0-8129-3243-9
037 _aTextbook
040 _aFMSL
_beng
_cFMSL
041 _aeng
_2eng
084 _aX:74 N8
_qFMSL
100 _aSteinberg L
_9741882
245 0 _aWinning with integrity: getting what you
_cSteinberg L; D'orso M
260 _aNew York
_bNew York, Times Business
_c1998
300 _a239p
942 _cTB
_hX:74 N8
999 _c1284915
_d1284915